[Event "WSTCC-65 2020"]
[Site "Prague"]
[Date "2020.03.07"]
[Round "2.36"]
[White "Dalling, Peter"]
[Black "Malmdin, Nils-Ake"]
[Result "1/2-1/2"]
[WhiteElo "1817"]
[BlackElo "2168"]
[Annotator "TA"]
[PlyCount "141"]
[EventDate "2020.03.06"]
[EventType "team-tourn"]
[EventCountry "CZE"]
[SourceTitle "playchess.com"]
[Source "ChessBase"]
[SourceQuality "1"]

{[%evp 10,141,7,3,0,-18,-14,-18,0,-15,-14,-24,-12,-47,-42,-37,-32,-23,-20,-31,-16,-39,-41,-41,-33,-146,-129,-172,-154,-140,-153,-189,-190,-271,-179,-169,-150,-218,-219,-203,-214,-194,0,-85,27,35,67,-243,-248,-226,-150,-164,0,0,0,0,0,-14,-14,-124,-135,-130,-90,-104,0,-250,-108,-104,-32,-136,-8,-156,-183,-591,-589,-554,-555,-684,-266,-273,-281,-273,-239,-263,-108,-125,-116,-117,-109,-134,-124,-124,-30,-27,0,-158,0,0,8,0,0,0,0,0,0,-8,-8,-160,0,0,0,0,0,0,0,0,0,0,0,0,0,0,0,-13,-13,-80,0,0,0,0,0,0,0,0]} 1. e4 c5 2. Nf3 g6 3. Bc4 Bg7 4. Nc3 Nc6 5. O-O d6 6. h3 e6 {B30: Sicilian: 2...Nc6 3 Bb5, lines without ...g6.} 7. a4 Nge7 8. d3 a6 9. Bf4 h6 10. Qd2 g5 11. Bg3 Ng6 {[#]} 12. Rab1 $146 ({Predecessor:} 12. Rad1 Nd4 13. Nxd4 Bxd4 14. Ne2 Be5 15. d4 cxd4 16. Nxd4 Bxg3 17. fxg3 Ne5 18. Bb3 {1-0 (26) Lozano Sanchez,J (1863)-Veiga Rodriguez,P (1588) Mostoles 2012}) 12... O-O 13. Rfe1 Kh8 14. Bb3 b6 15. Ne2 d5 16. Red1 f5 17. exd5 (17. c3 $1 $15) 17... exd5 $17 18. c3 f4 19. Bh2 Bf5 20. Bc2 d4 $1 21. cxd4 (21. Kh1 $142) 21... cxd4 (21... Nxd4 22. Nexd4 cxd4 23. Bb3 $17) 22. b4 b5 23. axb5 (23. Rdc1 $17 {was necessary.}) 23... axb5 $19 24. Ra1 Rc8 25. Bb3 h5 $2 (25... Nge5 $19 26. Nxe5 Nxe5) 26. Ra6 (26. h4 $1 $11) 26... g4 (26... Nge5 $17 27. Nxe5 Nxe5) 27. Ne1 $11 Bh6 28. Bxf4 $2 {[%mdl 8192]} (28. Rc1 $14 {keeps the upper hand.} Rf6 29. hxg4 (29. Nxf4 gxh3 30. Nxg6+ {[%mdl 64] Discovered Attack} Rxg6 $14) 29... hxg4 30. Nxf4) 28... Nxf4 $19 29. Nxf4 Qd6 {[%mdl 64] Double Attack} 30. g3 Bxf4 $2 (30... gxh3 $19 31. Rc1 Bg4) 31. Qxf4 $11 Qxf4 32. gxf4 gxh3 33. Rda1 Bd7 $36 {[%mdl 2048] Black is pushing.} 34. Nc2 (34. Rb6 $11 {remains equal.}) 34... Rxf4 $17 35. Ra8 Rg4+ 36. Kh1 {Rxc8+ is the strong threat.} Nb8 (36... Ne5 $17 37. Bd5 (37. Rxc8+ Bxc8 38. Ra8 Nf3 $17) 37... Rxa8 38. Rxa8+ Kg7) 37. R8a7 $2 (37. Bd5 $1 $11 {and White is okay.}) 37... Bc6+ (37... Rc3 $19 38. R7a3 Bc6+ 39. Kh2 Rf4) 38. Kh2 Rf4 (38... Rf8 $1 $17 {[%cal Rf8f2]} 39. Rf7 Rxf7 40. Bxf7 Rf4) 39. Kxh3 (39. Re1 $15) 39... Rf3+ ({Much worse is} 39... Rxf2 $6 40. Nxd4 Rd2 41. Rd1 $11) ({Black should try} 39... Bd7+ $1 $17 40. Kg2 Rcf8) 40. Kh2 (40. Kh4 $11 {was the only way to keep the balance.}) 40... Rxf2+ 41. Kg1 $2 (41. Kg3 Rf3+ 42. Kh4) 41... Rg2+ $19 42. Kf1 Rf8+ 43. Ke1 Rg1+ $2 (43... h4 {( -> ...h3)} 44. Re7 h3) 44. Ke2 Bf3+ $1 45. Kd2 Rg2+ 46. Kc1 Nc6 (46... h4 $1 $19 {[%cal Rh4h3] is more deadly.} 47. Ne1 h3 48. Nxg2 Bxg2) 47. Ra8 $17 Kg7 48. Rxf8 Kxf8 49. Ra8+ Ke7 $1 50. Rh8 Kd6 (50... Ne5 $1 $17 {[%cal Re5d3]} 51. Ne1 Rg1) 51. Rh6+ $11 Ke5 52. Re6+ $2 ({Better is} 52. Ne1 $11 Rg1 53. Kd2 Rxe1 54. Kxe1 Nxb4 55. Kd2) 52... Kf4 $2 (52... Kf5 $1 $17 53. Rxc6 {[%mdl 64] Remove Defender, Decoy} Bxc6 54. Nxd4+ Kf4 55. Nxc6 h4) 53. Rf6+ Kg4 {And now ...Ne5 would win.} 54. Be6+ Kg3 {White must now prevent ...Ne5.} 55. Ne1 Ne5 {Hoping for ...Rg1.} 56. Nxg2 Bxg2 {[%mdl 4096] Endgame KRB-KBN} 57. Kc2 h4 {Threatens to win with ...Ng4.} 58. Rh6 $2 {[#]} (58. Rf5 $11 Ng4 59. Rxb5) 58... h3 $2 (58... Bf3 $1 $17 {aiming for ...Ng4.} 59. Kb3 Nxd3 60. Rg6+ Kf2) 59. Bxh3 $1 Bxh3 60. Rh5 Nc6 61. Rxb5 Kf4 62. Rb6 Bg2 63. b5 Nb4+ 64. Kd2 Ke5 65. Rb8 Kd6 66. Rf8 Kc5 67. Rf5+ {[#]} (67. Rd8 $11) 67... Nd5 (67... Bd5 $1 $17 68. Rf4 Be6) 68. Rg5 {The position is equal.} Bf3 69. Rf5 Bg2 70. Rg5 Bf3 71. Rf5 {And White is the lucky defender. Accuracy: White = 53%, Black = 55%.} 1/2-1/2

[Event "WSTCC-65 2020"]
[Site "Prague"]
[Date "2020.03.07"]
[Round "2.37"]
[White "Ogaard, Leif"]
[Black "Beilfuss, Wilfried"]
[Result "1-0"]
[WhiteElo "2362"]
[BlackElo "2205"]
[Annotator "TA"]
[PlyCount "39"]
[EventDate "2020.03.06"]
[EventType "team-tourn"]
[EventCountry "CZE"]
[SourceTitle "playchess.com"]
[Source "ChessBase"]
[SourceQuality "1"]

{[%evp 17,39,45,33,29,122,141,150,123,108,80,184,177,239,235,244,243,393,383,401,391,388,391,382,364]} 1. c4 Nf6 2. Nc3 c5 3. Nf3 e6 4. g3 b6 5. Bg2 Bb7 6. O-O Be7 7. d4 cxd4 8. Qxd4 O-O 9. Rd1 Qc8 {9...Qc8 is setting a new trend. Played by Yangyi Yu in December 2019.} 10. Bf4 {[#] A30: Symmetrical English: Double Fianchetto and Hedgehog.} d6 $146 (10... Nc6 $11 11. Qd2 Bb4) ({Predecessor:} 10... Rd8 11. Nb5 d5 12. cxd5 Rxd5 13. Qa4 Na6 14. Nd6 Bxd6 15. Bxd6 Nc5 16. Qa3 Nce4 17. Rdc1 Qe8 {1-0 (39) Howell,D (2694)-Grischuk,A (2759) Douglas 2019}) 11. Bxd6 $16 Bxd6 12. Qxd6 {White is clearly better.} Qxc4 13. Rac1 Qc6 {[#]} (13... Nbd7 $16) 14. Qe7 $1 $18 Re8 {[#]} (14... Nbd7 {might work better.} 15. Ne1 Qc5 16. Rxd7 Bxg2) 15. Qa3 $1 {And now Ne1 would win.} b5 16. Nd5 $1 {[%cal Rd5e7]} Qxd5 (16... Nxd5 $142 17. Rxc6 Nxc6) 17. Rxd5 {White is winning.} Bxd5 18. Nd4 Bxg2 19. Kxg2 Nbd7 20. Nxb5 {Accuracy: White = 100%, Black = 40%.} 1-0

[Event "WSTCC-65 2020"]
[Site "Prague"]
[Date "2020.03.07"]
[Round "2.38"]
[White "Becker, Norbert"]
[Black "Heim, Sverre"]
[Result "1/2-1/2"]
[WhiteElo "2107"]
[BlackElo "2316"]
[Annotator "TA"]
[PlyCount "64"]
[EventDate "2020.03.06"]
[EventType "team-tourn"]
[EventCountry "CZE"]
[SourceTitle "playchess.com"]
[Source "ChessBase"]
[SourceQuality "1"]

{[%evp 14,64,21,24,40,40,51,47,56,17,46,24,53,63,58,60,56,30,37,19,14,16,30,0,33,0,0,0,0,0,0,0,0,-19,0,-34,-36,-18,0,0,0,-34,-37,-43,-38,-50,-20,-22,0,-55,0,0,0]} 1. e4 e6 2. d4 d5 3. Nc3 Nf6 4. Bg5 dxe4 5. Nxe4 Be7 6. Bxf6 gxf6 7. Nf3 a6 8. g3 b5 {C13: French: Classical System: 4 Bg5 Be7, Alekhine-Chatard Attack.} 9. Bg2 Bb7 10. Qe2 Bd5 {White is slightly better.} 11. b3 b4 12. O-O Nd7 13. c4 bxc3 $1 14. Nxc3 c6 {[#]} 15. Nxd5 $146 ({Predecessor:} 15. Rac1 O-O 16. Qe3 Re8 17. Rfe1 Qa5 18. Na4 Rac8 19. Nd2 Bxg2 20. Kxg2 f5 21. Nc4 {1-0 (36) Cuenca Jimenez,J (2506)-Roldan Marques,D (2161) Linares 2018}) 15... cxd5 16. Rac1 O-O 17. Rc6 a5 18. Rfc1 Ra7 19. h4 Nb8 {[%cal Bd7b8,Bb8c6,Bc6b4][%mdl 32]} 20. R6c3 Bb4 21. R3c2 Ba3 22. Rd1 Rc7 23. h5 Kh8 24. Rdd2 Nc6 25. Qe3 Qe7 26. Bf1 Rfc8 27. Bd3 Nb4 28. Rxc7 Rxc7 29. Rd1 Nxd3 30. Qxd3 Kg7 31. Kg2 ({White should play} 31. Qd2 $11) 31... Bb4 ({Black should try} 31... h6 $15) 32. h6+ $11 Kh8 {Accuracy: White = 69%, Black = 82%.} 1/2-1/2

[Event "WSTCC-65 2020"]
[Site "Prague"]
[Date "2020.03.07"]
[Round "2.39"]
[White "Moen, Ole Christian"]
[Black "Mueller, Gerhard"]
[Result "1/2-1/2"]
[WhiteElo "2192"]
[BlackElo "2095"]
[Annotator "TA"]
[PlyCount "68"]
[EventDate "2020.03.06"]
[EventType "team-tourn"]
[EventCountry "CZE"]
[SourceTitle "playchess.com"]
[Source "ChessBase"]
[SourceQuality "1"]

{[%evp 20,68,0,0,2,13,13,10,82,96,106,60,71,31,27,21,23,11,13,14,8,0,0,0,0,0,0,0,0,0,0,0,15,0,0,0,0,0,14,8,7,0,3,0,24,6,9,0,0,0,0]} 1. e4 c5 2. Nf3 d6 3. Bb5+ Bd7 4. a4 Nc6 5. O-O Nf6 6. Re1 e6 7. c3 a6 8. Bf1 Be7 9. d4 cxd4 10. cxd4 O-O 11. Nc3 Rc8 {B50: Sicilian: 2...d6, Miscellaneous.} 12. h3 Na5 {[#]} 13. e5 $146 ({Predecessor:} 13. Bd3 Qb6 14. Rb1 h6 15. Bc2 Rfd8 16. Qe2 Nc6 17. Be3 Nb4 18. Bb3 Nd3 19. Qxd3 Qxb3 {0-1 (35) Soderberg,P (2470)-Dothan,Y (2501) Finland 2001}) 13... Ne8 {[#]} (13... Nd5 $11 {keeps the balance.}) 14. d5 $1 $16 Nc4 15. Bf4 dxe5 16. Nxe5 (16. Bxc4 $5 Rxc4 17. Bxe5 $14) 16... Nxe5 17. Bxe5 Bf6 18. Qb3 Bxe5 19. Rxe5 Qc7 20. Rae1 Nf6 21. a5 Rfe8 22. dxe6 Rxe6 23. Rxe6 Bxe6 24. Qb4 Rd8 25. Na4 Bd5 26. Qc5 (26. Re7 {keeps more tension.} Rd7 27. Rxd7 Nxd7 28. Qe7 Qc8 29. Nc3) 26... Rc8 {[%cal Bd8c8,Bc8c7,Bc7e7][%mdl 32]} 27. Qxc7 (27. b4 {is interesting.} Qb8 28. Qd4 Bc6 29. Nc3 Rd8 30. Qc5) 27... Rxc7 28. Nb6 Bc6 29. b4 Kf8 30. Bc4 Re7 31. Rc1 Rc7 32. Be2 {With the idea b5!} Ne8 {The position is equal.} 33. f4 Bb5 34. Rxc7 Nxc7 {Accuracy: White = 90%, Black = 92%.} 1/2-1/2

[Event "WSTCC-65 2020"]
[Site "Prague"]
[Date "2020.03.07"]
[Round "2.40"]
[White "Thoele, Wolfgang"]
[Black "Kristiansen, Erling"]
[Result "0-1"]
[WhiteElo "1875"]
[BlackElo "2123"]
[Annotator "TA"]
[PlyCount "70"]
[EventDate "2020.03.06"]
[EventType "team-tourn"]
[EventCountry "CZE"]
[SourceTitle "playchess.com"]
[Source "ChessBase"]
[SourceQuality "1"]

{[%evp 13,70,-24,-23,-39,-26,-29,-15,-33,-33,-31,-31,-25,-32,-27,-22,-20,-20,-68,-58,-92,-87,-122,-112,-106,-82,-96,-54,-90,-98,-208,-14,-20,-20,-113,-121,-460,-475,-461,-457,-504,-326,-294,-183,-194,-180,-194,-194,-250,-229,-271,-199,-29977,-29978,-29975,-29976,-29975,-29976,-5597,-5597]} 1. e4 e5 2. Nf3 Nc6 3. Nc3 Nf6 4. d4 exd4 5. Nxd4 Bb4 6. Nxc6 bxc6 7. Bg5 h6 8. Bd2 {C47: Scotch Four Knights and Four Knights with 4 g3.} Qe7 9. f3 d5 10. Bd3 {The position is equal.} dxe4 11. Nxe4 Nxe4 12. fxe4 {[#]} Rb8 $146 ({Predecessor:} 12... Bxd2+ 13. Qxd2 Qe5 14. Qb4 a5 15. Qc4 O-O 16. c3 Ba6 17. Qxc6 Bxd3 18. O-O-O Qf4+ 19. Rd2 Bxe4 {0-1 (19) Zainulov,A-Sukhoplyev,P Ufa 2012}) 13. b3 Bc5 14. Bc3 O-O $36 {[%mdl 2048] Black fights for an advantage.} 15. Qe2 Qg5 {Hoping for ...Bg4.} 16. Bd2 {[#]} Qe5 $1 {[%cal Re5a1]} 17. c3 a5 18. Kd1 Be6 {Threatens to win with ...a4!} 19. Kc2 Rbd8 20. Raf1 {aiming for Bf4.} Be7 21. Bc4 (21. Bf4 $17 Qc5 22. Bc4) 21... Bf6 $2 (21... Bxc4 $19 22. bxc4 f5) 22. Bxe6 $11 Qxe6 23. Rf3 {[#]} (23. Qc4 $11) 23... a4 $1 $17 {[%mdl 512]} 24. c4 $2 {[%mdl 8192] This move loses the game for White.} (24. Qc4 $17 {is more resistant.}) (24. bxa4 Qxa2+) 24... axb3+ $19 (24... Qe5 25. Bc3 $14) 25. axb3 Ra8 ({Worse is} 25... Qe5 26. Bc3 $11) 26. Rb1 Rfe8 27. Bc3 Ra2+ 28. Rb2 Rxb2+ 29. Kxb2 Bxc3+ ({Not} 29... Qxe4 30. Qxe4 Bxc3+ 31. Kxc3 $11) 30. Kxc3 {[%mdl 4096] Endgame KQR-KQR} (30. Rxc3 {was necessary.} Qe5 31. Qd2) 30... Qe5+ ({And not} 30... Qxe4 31. Qxe4 Rxe4 32. Rd3 $11) 31. Kd2 Ra8 32. Rc3 $2 (32. Ke3 $19) 32... Qd4+ 33. Qd3 Qf2+ {[%mdl 64] Double Attack} 34. Kd1 Ra1+ 35. Rc1 Qg1+ {[%mdl 64] Double Attack. Accuracy: White = 41%, Black = 66%.} 0-1

[Event "WSTCC-65 2020"]
[Site "Prague"]
[Date "2020.03.07"]
[Round "2.41"]
[White "Rooze, Jan"]
[Black "Horvath, Tamas I"]
[Result "1-0"]
[WhiteElo "2245"]
[BlackElo "2318"]
[Annotator "TA"]
[PlyCount "51"]
[EventDate "2020.03.06"]
[EventType "team-tourn"]
[EventCountry "CZE"]
[SourceTitle "playchess.com"]
[Source "ChessBase"]
[SourceQuality "1"]

{[%evp 19,51,48,64,28,33,40,83,88,98,103,105,72,136,95,125,143,114,142,208,195,200,171,185,184,202,144,149,140,316,308,521,502,637,610]} 1. c4 c5 2. Nf3 Nf6 3. Nc3 g6 4. e4 d6 5. d4 cxd4 6. Nxd4 Bg7 7. Be2 O-O 8. O-O Nc6 9. Be3 Bd7 10. Nc2 Qa5 11. h3 {B38: Sicilian: Maroczy Bind with 5...Bg7 and 7...0-0.} Rfc8 12. f4 {[#]} Qd8 $146 ({Predecessor:} 12... Be6 13. a3 Qd8 14. Rb1 Na5 15. b3 Ng4 16. hxg4 Bxc3 17. e5 dxe5 18. f5 Bd7 {1-0 (29) Escobar Forero,A (2457)-Soto,M (2190) Medellin 2019}) 13. Qe1 {White is better.} b6 14. Rd1 Rab8 15. Qg3 Na5 (15... a6 $142) 16. Na3 b5 {Strongly threatening ...b4.} 17. e5 (17. cxb5 $6 Rxc3 18. bxc3 Nxe4 $14) (17. Bxa7 b4 $15) (17. Naxb5 Nxc4 18. e5 Bxb5 $17) 17... b4 {And now ...Ne8 would win.} 18. exf6 Bxf6 (18... exf6 $16 {was necessary.} 19. Ne4 (19. Bxa7 Rb7 $16) (19. Rxd6 bxc3 20. Rfd1 Rc7 $11) 19... bxa3) 19. Nd5 ({And not} 19. Bxa7 bxc3 20. Bxb8 Qb6+ 21. c5 Rxc5 $15) 19... bxa3 20. Nxf6+ exf6 21. b3 Bf5 22. Bd3 Bxd3 23. Rxd3 Nb7 $2 {[#]} (23... f5 $16 24. Bxa7 Rb7) 24. f5 $1 $18 ({Weaker is} 24. Bxa7 Nc5 $16) 24... Qf8 $2 (24... Qd7 25. Bxa7 Nc5) 25. Bd4 Nc5 {[#]} 26. fxg6 $1 {[%mdl 512] Accuracy: White = 70%, Black = 34%.} 1-0

[Event "WSTCC-65 2020"]
[Site "Prague"]
[Date "2020.03.07"]
[Round "2.42"]
[White "Hardicsay, Peter"]
[Black "Goormachtigh, Johan"]
[Result "1-0"]
[WhiteElo "2203"]
[BlackElo "2181"]
[Annotator "TA"]
[PlyCount "185"]
[EventDate "2020.03.06"]
[EventType "team-tourn"]
[EventCountry "CZE"]
[SourceTitle "playchess.com"]
[Source "ChessBase"]
[SourceQuality "1"]

{[%evp 11,185,39,29,35,37,16,19,15,24,14,20,23,12,28,23,13,17,22,27,18,63,25,44,39,41,37,39,34,46,39,60,38,77,75,72,77,79,82,81,86,113,108,111,104,117,100,100,96,135,121,139,113,138,112,111,102,131,0,153,98,100,96,116,90,92,93,120,95,93,74,92,93,93,103,111,111,113,111,97,77,83,84,83,80,111,111,116,109,142,120,193,189,262,259,273,273,263,210,292,283,279,264,262,254,316,210,256,166,244,142,242,162,139,135,177,217,199,199,218,116,120,127,120,116,125,16,14,20,72,11,20,0,72,72,64,72,91,100,148,169,244,244,243,158,139,129,247,237,220,197,449,447,446,426,571,570,513,462,448,448,1143,1136,2263,1609,1735,1402,29983,29984,29984,29982,29987,29988,29988,29989,29991,291]} 1. c4 Nf6 2. Nc3 d5 3. cxd5 Nxd5 4. g3 g6 5. Bg2 Nb6 6. Nf3 Bg7 7. d3 {A16: English Opening: 1...Nf6 with ...d5.} Nc6 8. Bd2 O-O 9. Qc1 {The position is equal.} Bg4 10. O-O Qd7 11. Bh6 {[#]} Rab8 $146 ({Predecessor:} 11... Bh3 12. Bxg7 Kxg7 13. Qg5 Bxg2 14. Kxg2 f6 15. Qe3 Nc8 16. Nb5 Nd6 17. Nbd4 Nxd4 18. Nxd4 {½-½ (42) Gamboa Mendez,N (1476)-Mata Alfaro,C (1681) Porlamar 2015}) 12. Bxg7 Kxg7 13. Re1 Bxf3 14. Bxf3 Nd4 15. Bg2 c6 16. Ne4 (16. e3 $5 {[%cal Re3d4]} Ne6 17. d4 $14) 16... Ne6 17. Qc3+ Kg8 18. Rac1 Nd5 19. Qc4 Nb6 20. Qb3 Nd5 21. e3 Qd8 22. d4 Qb6 23. Qc2 Nb4 24. Qb1 a5 25. a3 Na6 26. Nd2 Nac7 27. Nc4 Qa7 28. Red1 Rbd8 29. Qc2 a4 30. Ne5 Nd5 31. Qc4 Rfe8 32. Nd3 Nb6 33. Qc2 Nd5 34. Ne5 (34. h4 $16) 34... Qa5 $2 ({Black should try} 34... Rf8 $1 $11) 35. Qe2 (35. b4 $142 Qa7 36. h4) 35... Ra8 36. Rc2 Qa6 37. Qd2 Qa5 38. Qc1 Red8 39. Bf1 Qa7 40. Nd3 Rac8 41. Bh3 Ndc7 42. Rc4 Ra8 43. Qc2 Rd5 44. Bg2 Rdd8 45. Rc1 Nd5 46. Qe2 Nb6 47. R4c2 Nd5 48. h4 Nf6 49. Bh3 Rd6 50. Ne5 h5 (50... Nc7 $16 {keeps fighting.} 51. g4 Nd7) 51. Nc4 $18 Rd5 (51... Nc7 $142 52. Nxd6 exd6) 52. Bxe6 $1 fxe6 53. Ne5 {[%cal Bc4e5,Be5f7,Bf7g5,Bg5e6][%mdl 32] And now Qd3 would win.} Kh7 54. Nf7 Kg8 55. Ng5 $1 e5 56. Qd3 Kg7 57. Rc5 exd4 58. Rxd5 Nxd5 59. Ne6+ (59. exd4 $6 Kh6 $16) (59. Qxd4+ Qxd4 60. exd4 Nc7 $14) 59... Kh7 (59... Kf7 $142) 60. Nxd4 ({Resist} 60. exd4 Qb6) (60. e4 $18 Nf6 61. Rc5 (61. Nxd4 Rd8 $17)) 60... Rf8 (60... Qb6 $16 61. Qc2 e5) 61. Rc2 Rf6 62. Qe4 Qb8 63. Ne6 Qd6 64. Ng5+ Kg7 65. Kg2 (65. Rd2 $1 $18) 65... b5 $16 66. Qd4 {Hoping for Ne4.} e5 67. Qa7+ Qe7 68. Qc5 (68. Qxe7+ $16 Nxe7 69. Rc5) 68... Qxc5 $11 69. Rxc5 {[%mdl 4096] Endgame KRN-KRN} Rd6 (69... Nb6 $1 $11) 70. Ne4 (70. Nf3 $1 $16) 70... Re6 71. Ng5 (71. Kf1 $11) 71... Rd6 $1 $16 {[#]} 72. Nf3 $1 Kf6 73. e4 Ne7 74. Nxe5 Rd2 75. Nxc6 Nxc6 (75... Rxb2 $142 76. Nb4 Kg7) 76. Rxc6+ {KR-KR} Kf7 77. Rb6 Rxb2 {[#]} 78. Kf3 $1 Kg7 (78... Ke8 $16) 79. Ke3 $18 Kf7 80. e5 b4 $2 (80... Ke7 81. Rxg6 Rb3+ 82. Ke4 Rxa3) 81. axb4 a3 82. Rf6+ Kg7 {Now ...Rb3+ and Black clings on.} 83. Ra6 a2 84. Ra7+ Kf8 85. f3 Rb3+ (85... Rxb4 $142 86. Rxa2 Ke7) 86. Kf4 Rxb4+ 87. Kg5 Rb3 88. f4 Rxg3+ 89. Kf6 {[%cal Ra7a8] White mates.} Kg8 90. Rxa2 Rg4 91. Ra4 Rg1 92. e6 Re1 93. Ra8+ $2 {Accuracy: White = 70%, Black = 58%.} (93. e7 {mates} Kh7 94. Ra7 Kh6 95. Ra8 Rxe7 96. Kxe7 Kg7 97. Ra6 Kh7 98. Kf7 Kh6 99. Rxg6+ Kh7 100. f5 Kh8 101. Rh6#) 1-0

[Event "WSTCC-65 2020"]
[Site "Prague"]
[Date "2020.03.07"]
[Round "2.43"]
[White "Van Herck, Marcel"]
[Black "Dory, Jeno"]
[Result "0-1"]
[WhiteElo "2056"]
[BlackElo "2170"]
[Annotator "TA"]
[PlyCount "58"]
[EventDate "2020.03.06"]
[EventType "team-tourn"]
[EventCountry "CZE"]
[SourceTitle "playchess.com"]
[Source "ChessBase"]
[SourceQuality "1"]

{[%evp 22,58,12,-12,-11,-25,0,0,0,-58,-60,-57,-62,-63,-53,-61,-64,-63,-60,-52,-56,-62,-71,-80,-80,-102,-73,-389,-66,-75,-65,-96,-86,-96,-102,-137,-131,-738,-738]} 1. d4 Nf6 2. c4 e6 3. Nc3 Bb4 4. Qc2 O-O 5. a3 Bxc3+ 6. Qxc3 b6 7. Bg5 Bb7 8. e3 d6 9. f3 Nbd7 10. Bd3 c5 11. Ne2 Rc8 12. O-O cxd4 {E32: Nimzo-Indian: Classical (4 Qc2): 4...0-0.} 13. exd4 d5 14. b3 Ba6 {The position is equal.} 15. Rac1 (15. Qb4 $11) 15... dxc4 $15 {[%mdl 64] Remove Defender} 16. bxc4 Bxc4 17. Bxc4 {Strongly threatening Qb3.} b5 $1 18. Qb4 bxc4 19. Rxc4 Rxc4 20. Qxc4 Qa5 {[#]} 21. Bxf6 $146 ({Predecessor:} 21. Bc1 Nb6 22. Qb3 Rc8 23. Rd1 Rc4 24. Bd2 Qa6 25. Rc1 Ra4 26. Nc3 Rxa3 27. Qb4 {0-1 (40) Skacelik,P (2265)-Jurasek,M (2300) Czechia 1998}) 21... Nxf6 22. Qc5 Qd2 23. Ng3 Nd5 24. Qxa7 $2 {[%mdl 8192] [#]} (24. Rf2 $17 {is a better chance.} Qd3 25. Qxa7) 24... h6 $2 ({Black should play} 24... Nf4 $1 $19 {[%csl Gf4][%cal Rd2g2]} 25. Rf2 Qe3) 25. Rf2 Qe1+ {[%mdl 1024] Black has strong compensation.} 26. Nf1 Rc8 27. Qa6 Rc1 {aiming for ...Qc3.} 28. Qe2 Qc3 {White must now prevent ...Ne3.} 29. Qb2 $2 {[%mdl 8192] [#]} (29. Qd2 $17) 29... Rxf1+ $1 {[%mdl 576] Remove Defender. Accuracy: White = 32%, Black = 68%.} 0-1

[Event "WSTCC-65 2020"]
[Site "Prague"]
[Date "2020.03.07"]
[Round "2.44"]
[White "Boguszlavszkij, Jevgenyij"]
[Black "Aragones-Melhem, Georgy"]
[Result "1-0"]
[WhiteElo "2155"]
[BlackElo "2106"]
[Annotator "TA"]
[PlyCount "151"]
[EventDate "2020.03.06"]
[EventType "team-tourn"]
[EventCountry "CZE"]
[SourceTitle "playchess.com"]
[Source "ChessBase"]
[SourceQuality "1"]

{[%evp 9,151,-13,-12,-13,0,-2,20,14,16,12,18,-63,-66,-97,-26,-41,-10,4,31,30,48,47,133,-6,109,100,84,110,154,146,251,241,208,246,243,223,291,309,306,293,318,304,314,297,309,278,289,291,375,367,452,420,495,489,462,350,318,290,285,281,281,100,102,0,197,70,238,175,205,205,310,208,189,162,339,231,289,253,273,238,237,232,295,295,333,258,543,586,576,578,584,578,568,535,562,554,545,533,832,825,766,765,1057,1007,1037,963,1557,717,6227,6108,5855,5749,5222,5222,5421,3832,6721,4806,29969,29971,29969,29966,29973,29973,29973,29972,29976,29976,29979,29980,29980,29980,29981,29979,29979,29980,29980,29976,29980,29976,29982,29981,29981,29979]} 1. e4 e5 2. Nc3 Nf6 3. g3 Bc5 4. Bg2 a6 5. Nge2 Nc6 6. O-O {C26: Vienna Game: 2...Nf6, sidelines .} h5 7. Nd5 h4 8. c3 {The position is equal.} hxg3 9. hxg3 {[#]} Ba7 $146 ({Predecessor:} 9... Be7 10. d4 d6 11. Nxe7 Qxe7 12. d5 Nb8 13. Bg5 Qd7 14. Bxf6 gxf6 15. c4 Qe7 {½-½ (30) Le Goff,D (2217)-Koziak,V (2481) Guingamp 2008}) 10. d3 ({White should play} 10. d4 $11) 10... Ng4 $1 $15 11. d4 d6 (11... Nh2 $1 $17 12. Re1 d6) 12. f3 $11 exd4 13. cxd4 Nge5 14. Be3 $36 {[%mdl 2048] Black is under pressure.} Nc4 15. Bf2 Ne7 ({But not} 15... Nxb2 $2 16. Qc2 $18) ({Black should try} 15... Nb6 $14) 16. Ne3 (16. Nxe7 $1 $16 Qxe7 17. Rc1) 16... d5 (16... Nxe3 $11 17. Bxe3 d5) 17. Nxc4 $16 dxc4 18. d5 c5 19. Qd2 Nc6 (19... Ng6 $16) 20. Qc3 $1 $18 {[%cal Rc3g7]} Nd4 21. Nxd4 cxd4 22. Bxd4 ({Don't take} 22. Qxc4 $6 Qd6 $16) 22... O-O 23. Bxa7 Rxa7 24. Qxc4 Qb6+ 25. Rf2 Bd7 26. Rd1 Raa8 27. Qd4 Qg6 28. g4 Rac8 29. e5 Rc7 30. Bf1 Rfc8 31. Bd3 Qg5 32. Qe4 {White threatens Qh7+ and mate.} g6 33. e6 fxe6 34. dxe6 Be8 35. Qd4 $2 (35. Kg2 $18) 35... Rd8 $16 36. Qe4 (36. Qb4 $16) 36... Bc6 $2 {[#]} (36... Rdc8 $1 $11 {and Black is okay.}) 37. Qe2 (37. Qe1 $1 $18) 37... Rf8 $2 {This costs Black the game.} (37... Rh7 $14) 38. Bc4 Kg7 39. Qd2 Rf4 (39... Qxd2 $142 40. Rdxd2 Kf6) 40. Qc3+ Qf6 {Hoping for ...Qxc3.} 41. Bb3 {Black must now prevent Qa5.} g5 $2 (41... Qxc3 42. bxc3 Re7) 42. Rd3 Re7 43. Kh2 Bb5 44. Qxf6+ Kxf6 45. Rc3 Bc6 46. Kg3 Rd4 47. Rc5 {And now Rf5+ would win.} Ba4 $2 (47... Rf4 {might work better.} 48. Bc4 Rg7) 48. Rf5+ $18 Kg6 49. Bxa4 Rxa4 {[%mdl 4096] Endgame KRR-KRR} 50. b3 Rb4 51. Re2 Rb6 52. Ree5 Rexe6 53. Rxg5+ Kh6 54. Rxe6+ Rxe6 {KR-KR} 55. Rd5 b5 56. b4 {[%cal Bb3b4,Bb4a5,Ba5a6][%mdl 32]} Rc6 57. Rd3 Rc4 58. a3 (58. Rd6+ $142 Kg7 59. a3) 58... a5 59. Rd6+ Kg7 60. bxa5 Ra4 61. a6 Rxa3 62. Kf4 b4 63. Rb6 b3 64. Kg5 {White mates.} Ra5+ {[#]} 65. Kh4 $1 b2 66. Rxb2 Rxa6 67. f4 Ra5 68. Rb7+ Kh6 69. Rb6+ Kg7 70. f5 Ra7 71. Kg5 Kf7 72. Rh6 Kg7 73. Rg6+ Kh7 74. Kh5 Kh8 75. Re6 Kg7 76. g5 {Accuracy: White = 69%, Black = 40%.} 1-0